| 000 | 01059pam a2200325 a 4500 | ||
|---|---|---|---|
| 999 |
_c79522 _d316799 |
||
| 001 | 24217806 | ||
| 003 | OCoLC | ||
| 005 | 20210306174206.0 | ||
| 008 | 910724s2020 ii b 001 0 eng | ||
| 010 | _a91026219 | ||
| 015 | _aGB92-35432 | ||
| 020 | _a9789353437855 | ||
| 040 |
_aDLC _cDLC _dCOU _dUKM _dCIN |
||
| 050 | 0 | 0 |
_aQR41.2 _b.T67 1991 |
| 082 | 0 | 0 |
_a576 _222 _bTGM |
| 100 | 1 |
_aTortora, Gerard J _938025 |
|
| 245 | 1 | 0 |
_aMicrobiology : _ban introduction / _cGerard J. Tortora, Berdell R. Funke, Christine L. Case |
| 250 | _a12h ed | ||
| 260 |
_aNew Delhi : _bPearson : _c2020 |
||
| 300 |
_axxxiv, 955 p. : _bill. (some col.), col. maps ; _c29 cm |
||
| 490 | 1 | _aThe Benjamin/Cummings series in the life sciences | |
| 504 | _aIncludes bibliographical references and index | ||
| 650 | 0 |
_aMicrobiology _988719 |
|
| 650 | 2 |
_aMicrobiology _988719 |
|
| 653 | 0 | _aMicrobiology | |
| 700 | 1 |
_aFunke, Berdell R _938026 |
|
| 700 | 1 |
_aCase, Christine L., _d1948- _988720 |
|
| 830 | 0 |
_aBenjamin/Cummings series in the life sciences _988721 |
|
| 942 |
_2ddc _cBOOK |
||